000 00471nam a2200205Ia 4500
003 0100
008 130307s9999 xx 000 0 und d
040 _cARRUPELIB
050 _aB995.T34C47 2000
100 _aAbbey, Ruth
245 _aCharles Taylor
260 _aTeddington
260 _bAcumen Publishing Limited
260 _c2004
300 _avi
300 _b250p. 24cm.
650 _aPHILOSOPHY
650 _bRhodesia (Zimbabwe)--History
942 0 0 _04
999 _c94579
_d94579